Euro-Briefing . The New Connaught Rooms London WC2, 21 November 1989 (Record no. 93032)

MARC details
000 -LEADER
fixed length control field 00989cam a2200277 4500
001 - CONTROL NUMBER
control field B2810
008 - FIXED-LENGTH DATA ELEMENTS--GENERAL INFORMATION
fixed length control field 090401t1989 xxu||||| |||| 00| 0 eng d
035 ## - SYSTEM CONTROL NUMBER
System control number (Sirsi) u52327
041 ## - LANGUAGE CODE
Language code of text/sound track or separate title eng
050 ## - LIBRARY OF CONGRESS CALL NUMBER
Classification number 383.9142
090 ## - LOCALLY ASSIGNED LC-TYPE CALL NUMBER (OCLC); LOCAL CALL NUMBER (RLIN)
Classification number (OCLC) (R) ; Classification number, CALL (RLIN) (NR) RICS 1989/89ABCD
110 ## - MAIN ENTRY--CORPORATE NAME
Corporate name or jurisdiction name as entry element Institution and College Conferences
9 (RLIN) 2330
245 ## - TITLE STATEMENT
Title Euro-Briefing . The New Connaught Rooms London WC2, 21 November 1989
260 ## - PUBLICATION, DISTRIBUTION, ETC.
Date of publication, distribution, etc. 1989
300 ## - PHYSICAL DESCRIPTION
Extent 3 papers
350 ## - PRICE (NR) (BK AM CF MU VM SE) [OBSOLETE]
Price 0
520 ## - SUMMARY, ETC.
Summary, etc. RICS Building Surveyors Division. Papers by Fall,Peter W. , Garcia-Gil,Alberto and Turnbull,Neil C. Papers on: Europe and the chartered building surveyor; the role and opportunities for the chartered building surveyor in France; architectural heritage at the turn of the century (i.e. end of this century).
650 ## - SUBJECT ADDED ENTRY--TOPICAL TERM
Topical term or geographic name entry element ARCHITECTURE
650 ## - SUBJECT ADDED ENTRY--TOPICAL TERM
Topical term or geographic name entry element BUILDING SURVEYORS
650 ## - SUBJECT ADDED ENTRY--TOPICAL TERM
Topical term or geographic name entry element CONFERENCE
650 ## - SUBJECT ADDED ENTRY--TOPICAL TERM
Topical term or geographic name entry element EUROPEAN COMMUNITY
650 ## - SUBJECT ADDED ENTRY--TOPICAL TERM
Topical term or geographic name entry element FRANCE
650 ## - SUBJECT ADDED ENTRY--TOPICAL TERM
Topical term or geographic name entry element SINGLE MARKET
942 ## - ADDED ENTRY ELEMENTS (KOHA)
Suppress in OPAC 0
948 ## - LOCAL PROCESSING INFORMATION (OCLC); SERIES PART DESIGNATOR (RLIN)
c (OCLC) 04/03/1997
Holdings
Withdrawn status Lost status Source of classification or shelving scheme Damaged status Not for loan Home library Current library Shelving location Date acquired Total Checkouts Full call number Barcode Date last seen Copy number Price effective from Koha item type
    Dewey Decimal Classification     London London RICS Boxes 14/09/1999   RICS 1989/89 30022723 06/08/2019 1 06/08/2019 Archive
    Dewey Decimal Classification     London London RICS Boxes 20/08/1991   RICS 1989/89 30031650 06/08/2019 2 06/08/2019 Reference material
    Dewey Decimal Classification     London London RICS Boxes 20/08/1991   RICS 1989/89 30031654 06/08/2019 3 06/08/2019 Reference material
    Dewey Decimal Classification     London London RICS Boxes 20/08/1991   RICS 1989/89 30031659 06/08/2019 4 06/08/2019 Book
    Dewey Decimal Classification     London London RICS Boxes 20/08/1991   RICS 1989/89 30031663 06/08/2019 5 06/08/2019 Book
    Dewey Decimal Classification     London London RICS Boxes 20/08/1991   RICS 1989/89 30031667 06/08/2019 6 06/08/2019 Book
    Dewey Decimal Classification     London London RICS Boxes 20/08/1991   RICS 1989/89 30031675 06/08/2019 7 06/08/2019 Book
    Dewey Decimal Classification     London London RICS Boxes 20/08/1991   RICS 1989/89 30031680 06/08/2019 8 06/08/2019 Reference material
    Dewey Decimal Classification     London London RICS Boxes 20/08/1991   RICS 1989/89 30031681 06/08/2019 9 06/08/2019 Book
    Dewey Decimal Classification     London London RICS Boxes 20/08/1991   RICS 1989/89 30031684 06/08/2019 10 06/08/2019 Book